Trivia Test - Blackpink - Statistiques

Statistiques générales
  • Ce quiz a été pris 916 fois
  • Le résultat moyen est 11 sur 17
Statistiques - réponses
Question Réponse % Correct
Comment appelle-t-on les fans de Blackpink? Blink
98%
En quelle année on-t-elle débuté? 2016
93%
Quelle phrase elles disent à presque que chacune de leurs chansons? Blackpink in your area
83%
Quelle le nom de la tournée qui a fini en 2023? Born Pink
81%
Qui a réalisé le premier début solo de Blackpink? Jennie
80%
Quel est le nom de leur agence? YG
79%
Qui est la "unnie" du groupe? Jisoo
77%
En quelle année est née Jennie? 1996
73%
Combien de fois sont-elle allée à Coachella? 2
62%
Quelle est la date d'anniversaire de Jisoo? 3 janvier
59%
Combien de solo compte Lisa ? (Sans les collaborations) 2
54%
Qui est la plus grande? Rosé
53%
Comment s'appelle l'album de Jisoo? Me
46%
Quelles sont leurs 2 chansons les plus vues sur YouTube? DDU-DU-DDU-DU, Kill This Love
42%
Dans les chansons de BLACKPINK, combien d'artistes différents ont collaboré avec eux? 4
40%
Combien de fois sont-elles allées au "Met Gala" ? (En solo ou groupe) 2
25%
Qui est connue pour son "smirk"? Jisoo
24%
Aucun quiz correspondant
Distribution des résultats
% des personnes avec chaque résultat
Percentile par nombre de réponses
Votre historique - résultats
Vous n’avez pas pris ce quiz